| 000 | 00485nam a2200193Ia 4500 | ||
|---|---|---|---|
| 005 | 20240530054150.0 | ||
| 008 | 240331s9999 xx 000 0 und d | ||
| 020 | _a9789556580709 | ||
| 082 |
_bNAG _a340.5 |
||
| 100 | _aNagendra,Kamala | ||
| 245 | 0 |
_aMatrimonial property and gender inquality _cKamala Nagendra |
|
| 250 | _a1 st | ||
| 260 |
_aSri Lanka _bStamford Lake (Pvt) Ltd _c2007 |
||
| 300 | _a492 p ., | ||
| 650 | _aGender | ||
| 650 | _aLaw | ||
| 650 | _awomen | ||
| 942 | _cL | ||
| 999 |
_c2654 _d2654 |
||